Defensa antiaérea de las poblaciones civiles
Descripción Física:
107 p. : il. ; 18 cm
MARC
| LEADER | 00000nam a2200000Ia 4500 | ||
|---|---|---|---|
| 001 | 644 | ||
| 008 | 160829s193 - ?] xx 000 0 cat d | ||
| 080 | |a C-1-553 | ||
| 245 | |a Defensa antiaérea de las poblaciones civiles | ||
| 260 | |a Valencia : |b Jefatura de Antiaeronáutica, [s.a., |c 193 - ?] | ||
| 300 | |a 107 p. : |b il. ; |c 18 cm | ||
| 650 | |a Guerra aèria |9 33941 | ||
| 650 | |a Defenses aèries |9 33953 | ||
| 901 | |a Arxiu | ||
| 942 | |n 1 | ||
| 952 | |0 0 |1 0 |4 0 |6 C1553 |7 1 |9 46319 |a Arxiu |b Arxiu |d 2016-12-01 |l 0 |o C-1-553 |p 644 |r 2016-12-01 00:00:00 |w 2016-12-01 |y ARXIU | ||
| 999 | |c 50104 |d 50104 | ||